000
00431nam a2200133Ia 4500
008
100328s9999 xx 000 0 und d
082
_b
17531
100
_a
प्रियवंदा उषा
245
_a
रुकोगी नही राधिका
260
_b
चौारी
630
_a
रुकोगी नही राधिका
730
_a
रुकोगी नही राधिका
942
_c
BOOK
999
_c
512095
_d
512092